|
|
|
|
| LEADER |
00000nam a2200000 a 4500 |
| 001 |
vtls001319424 |
| 003 |
SK-MaSNL |
| 005 |
20260301065559.0 |
| 008 |
250313s1982 xo slo |
| 020 |
|
|
|c 10,00
|
| 035 |
|
|
|a SNK000272018
|
| 035 |
|
|
|a urn:nbn:sk:snk-amyhtl
|
| 035 |
|
|
|a urn:nbn:sk:snk-am00clr8
|
| 035 |
|
|
|a 6BBB2401-4BCA-44CA-94FC-B9EC7D29D6C7
|
| 040 |
|
|
|a SNK
|b slo
|c SNK
|e AACR2
|
| 041 |
0 |
|
|a slo
|
| 044 |
|
|
|a xo
|c SK
|
| 080 |
|
|
|a 638.1(437.6)
|2 1981
|
| 110 |
2 |
|
|a Slovenský zväz včelárov.
|b Ústredný výbor
|4 aut
|9 252272
|
| 245 |
1 |
0 |
|a Plemenný chov včiel v SSR
|c [spracoval] ÚV Slovenského zväzu včelárov
|
| 260 |
|
|
|a Nitra
|b Agrokomplex
|c 1982
|
| 300 |
|
|
|a 30 s.
|c 21 cm
|
| 500 |
|
|
|a Vyd. Slovenský zväz včelárov ÚV, Bratislava
|
| 650 |
0 |
7 |
|a včely
|2 SNKPH
|9 16765
|
| 650 |
0 |
7 |
|a chov včiel
|2 SNKPH
|9 57250
|
| 655 |
|
7 |
|a brožúry
|2 SNKPH
|9 70146
|
| 852 |
|
|
|a Slovenská národná knižnica
|
| 958 |
|
|
|a OND
|
| 999 |
|
|
|c 631221
|d 633151
|
| 952 |
|
|
|t P60, <03>, [BOOK], {603}
|a SNK
|b SNK
|y PREZ
|7 0
|p 17A0118284
|o snkSD 69285
|i snkK 559/98
|0 0
|1 0
|4 0
|d 1998-02-05
|f 1
|l 0
|r 2005-01-02 00:00:00
|w 2026-02-23
|